LIBRARY & INFORMATION CENTRE, KCAET, TAVANUR

ONLINE PUBLIC ACCESS CATALOGUE (OPAC)

Normal view MARC view
  • Dr. K.K Sathian (Guide)

Entry Personal Name

Number of records used in: 1

001 - CONTROL NUMBER

  • control field: 3634

003 - CONTROL NUMBER IDENTIFIER

  • control field: OSt

005 - DATE AND TIME OF LATEST TRANSACTION

  • control field: 20181010112716.0

008 - FIXED-LENGTH DATA ELEMENTS

  • fixed length control field: 181010|| aca||aabn | a|a d

040 ## - CATALOGING SOURCE

  • Original cataloging agency: OSt
  • Transcribing agency: OSt

100 ## - HEADING--PERSONAL NAME

  • Personal name: Dr. K.K Sathian (Guide)

670 ## - SOURCE DATA FOUND

  • Source citation: Work cat.: (OSt)14954: ARSHANA V.K HARITHA A HREDHYA HARIDAS JYOTHISH V RASHIDA RAJUVA T.A 3633, Simulating the impact of check dams on river flow-a case study in Bharathappuzha river basin
free website counter